| 000 | 01140pam a2200337 a 4500 | ||
|---|---|---|---|
| 999 |
_c1552 _d1552 |
||
| 001 | 016086340 | ||
| 003 | Uk | ||
| 005 | 20230112102611.0 | ||
| 008 | 120510s2012 enka j 000 1 eng|d | ||
| 015 |
_aGBB247119 _2bnb |
||
| 016 | 7 |
_a016086340 _2Uk |
|
| 020 | _a9780723267102 | ||
| 040 |
_aStDuBDS _beng _cStDuBDS _dUk _dKH8 |
||
| 042 | _aukblcatcopy | ||
| 082 | 0 | 4 |
_a823.92 THO _223 |
| 100 | 1 |
_aThompson, Emma. _eauthor |
|
| 245 | 1 | 4 |
_aThe further tale of Peter Rabbit / _cby Emma Thompson ; illustrated by Eleanor Taylor. |
| 260 |
_aLondon : _bFrederick Warne, _c2012. |
||
| 300 |
_a63 p. : _bchiefly col. ill. ; _c28 cm. |
||
| 336 |
_atext _2rdacontent |
||
| 337 |
_aunmediated _2rdamedia |
||
| 338 |
_avolume _2rdacarrier |
||
| 500 | _aInspired by the original tales of Beatrix Potter. | ||
| 500 |
_aFormerly CIP. _5Uk |
||
| 600 | 0 | 0 |
_aPeter Rabbit _c(Fictitious character) _vPictorial works _vJuvenile fiction. |
| 651 | 0 |
_aScotland _vPictorial works _vJuvenile fiction. |
|
| 655 | 7 |
_aChildren's stories _vPictorial works. _2gsafd |
|
| 700 | 1 |
_aTaylor, Eleanor, _d1969- |
|
| 700 | 1 |
_aPotter, Beatrix, _d1866-1943. |
|
| 942 |
_2ddc _cNFIC |
||